Library Banner

Qauid-I-Azam Muhammad Ali Jinnah (Record no. 84104)

MARC details
000 -LEADER
fixed length control field 00358nam a22001337a 4500
005 - DATE AND TIME OF LATEST TRANSACTION
control field 20160314104801.0
008 - FIXED-LENGTH DATA ELEMENTS--GENERAL INFORMATION
fixed length control field 160314b xxu||||| |||| 00| 0 eng d
040 ## - CATALOGING SOURCE
Transcribing agency PK-LaUMT
082 ## - DEWEY DECIMAL CLASSIFICATION NUMBER
Classification number MMC 779.99549040924
Item number QAU-
245 ## - TITLE STATEMENT
Title Qauid-I-Azam Muhammad Ali Jinnah
Remainder of title an album
260 ## - PUBLICATION, DISTRIBUTION, ETC. (IMPRINT)
Place of publication, distribution, etc Rawalpindi
Name of publisher, distributor, etc Services book club
Date of publication, distribution, etc 1997
300 ## - PHYSICAL DESCRIPTION
Extent 175 p.
942 ## - ADDED ENTRY ELEMENTS (KOHA)
Koha item type Books
Holdings
Withdrawn status Lost status Damaged status Home library Current library Date acquired Full call number Barcode Date last seen Price effective from Koha item type
      UMT Main Campus UMT Main Campus 2016-03-14 MMC 779.99549040924 QAU- 95945 2016-03-14 2016-03-14 Books